banner-ar

THE INDIVIDUAL IN A SOCIAL WORLD: ESSAYS AND EXPERIMENTS, 2ND ED / (Record no. 21001)

MARC details
000 -الفاتح
حقل البيانات ثابتة الطول 00515nam a2200181Ia 4500
008 - عناصر البيانات ثابتة الطول - معلومات عامة
حقل البيانات ثابتة الطول 140319s9999 xx 000 0 eng d
040 ## - مصدر الفهرسة
وكالة الفهرسة الأصلية GCL /
وكالة النسخ GCL
082 04 - رقم تصنيف ديوى العشرى
رقم التصنيف 302
رقم المادة M I
100 1# - المدخل الرئيسى - إسم شخصى
الإسم الشخصى SILVER, MAURY
245 10 - بيان العنوان
العنوان THE INDIVIDUAL IN A SOCIAL WORLD: ESSAYS AND EXPERIMENTS, 2ND ED /
بيان المسئوليه,etc SILVER, MAURY
700 1# - المدخل الاضافى - اسم شخصى
الإسم الشخصى MILGRAM, STANLEY
700 1# - المدخل الاضافى - اسم شخصى
الإسم الشخصى SABINI, JOHN
260 ## - PUBLICATION, DISTRIBUTION, ETC. (IMPRINT)
تاريخ النشر أو التوزيع 1992
300 ## - الوصف المادى
التعداد 345 P
650 04 - المدخل الاضافى بالموضوع-مصطلح موضوعى
مصطلح موضوعي الحضارة الفرعونية
942 ## - عناصر المدخل الإضافي( كوها)
مصدر التصنيف او مخطط الترفيف Dewey Decimal Classification
Koha [default] item type كتاب
260 ## - PUBLICATION, DISTRIBUTION, ETC. (IMPRINT)
-- [S.N] :
-- MC GRAW - HILL ،
Holdings
حالة التراجع حالة الفقد حالة تلف ليس للاعارة المكان المؤقت الموقع الحالى تاريخ الاكتساب اجمالي اﻻعارات رقم الطلب الباركود تاريخ اخر مشاهدة تاريخ تفعيل السعر نوع وعاء كوها
        مكتبة القاهرة الكبرى مكتبة القاهرة الكبرى 03/26/2014   302\M I 39043 03/26/2014 03/26/2014 كتاب

Powered By

EGPV